000 00877nam a2200277 a 4500
001 10019
003 CO-ViMGA
008 141112s2004 ck r 000 u spa d
020 _a9586552985
040 _aCO-ViMGA
_bspa
_cCO-ViMGA
082 0 4 _a573.2 V35d
100 1 _aVelez ; Antonio,
_92029
245 1 0 _aDel Big Bang al Homo Sapiens
260 _aMedellín :
_bUniversidad de Antioquia,
_c1994
300 _a480p. : il.
650 1 4 _aBIG BANG
_93554
650 1 4 _aDEL PEZ AL MAMIFERO
_912498
650 1 4 _aDINOSAURIOS Y PRIMATES
_912499
650 1 4 _aEL HOMBRE MODERNO
_912500
650 1 4 _aEL MODELO DARVINIANO
_912501
650 1 4 _aEVOLUCION DE FAMILIA HUMANA
_912502
650 1 4 _aGENética Y TEORIA DE LA EVOLUCION
_912503
650 1 4 _aNACIMIENTO Y EVOLUCION FISICA DEL UNIVERSO
_912504
650 1 4 _aPRIMEROS ORGANISMOS UNICELULARES
_912505
942 _2ddc
_cBK
999 _c21395
_d21395